MARC details
| 000 -LEADER |
| fixed length control field |
03568cam a22005897a 4500 |
| 001 - CONTROL NUMBER |
| control field |
17693339 |
| 003 - CONTROL NUMBER IDENTIFIER |
| control field |
GZU |
| 005 - DATE AND TIME OF LATEST TRANSACTION |
| control field |
20200907151735.0 |
| 008 - FIXED-LENGTH DATA ELEMENTS--GENERAL INFORMATION |
| fixed length control field |
130411s2013 enka b 001 0deng d |
| 010 ## - LIBRARY OF CONGRESS CONTROL NUMBER |
| LC control number |
2012314838 |
| 015 ## - NATIONAL BIBLIOGRAPHY NUMBER |
| National bibliography number |
GBB2B5231 |
| Source |
bnb |
| 016 7# - NATIONAL BIBLIOGRAPHIC AGENCY CONTROL NUMBER |
| Record control number |
016211014 |
| Source |
Uk |
| 020 ## - INTERNATIONAL STANDARD BOOK NUMBER |
| International Standard Book Number |
9781847010711 |
| 020 ## - INTERNATIONAL STANDARD BOOK NUMBER |
| International Standard Book Number |
1847010717 |
| 035 ## - SYSTEM CONTROL NUMBER |
| System control number |
(OCoLC)ocn816032179 |
| 040 ## - CATALOGING SOURCE |
| Original cataloging agency |
BTCTA |
| Language of cataloging |
eng |
| Transcribing agency |
BTCTA |
| Modifying agency |
YDXCP |
| -- |
UKMGB |
| -- |
BWK |
| -- |
YNK |
| -- |
CDX |
| -- |
NLE |
| -- |
OCLCO |
| -- |
BWX |
| -- |
UIU |
| -- |
YOU |
| -- |
ZCU |
| -- |
PIT |
| -- |
NYP |
| -- |
OCLCA |
| -- |
OCLCQ |
| -- |
OCLCO |
| -- |
OCLCQ |
| -- |
OCLCA |
| -- |
OCLCF |
| -- |
CHVBK |
| -- |
DLC |
| 042 ## - AUTHENTICATION CODE |
| Authentication code |
lccopycat |
| 043 ## - GEOGRAPHIC AREA CODE |
| Geographic area code |
f-rh--- |
| 050 00 - LIBRARY OF CONGRESS CALL NUMBER |
| Classification number |
DT2979. |
| Item number |
.RAN 2013 |
| 100 1# - MAIN ENTRY--PERSONAL NAME |
| Personal name |
Ranger, T. O. |
| Relator term |
author |
| 245 10 - TITLE STATEMENT |
| Title |
Writing revolt : |
| Remainder of title |
an engagement with African nationalism, 1957-67 / |
| Statement of responsibility, etc. |
Terence Ranger. |
| 260 ## - PUBLICATION, DISTRIBUTION, ETC. |
| Place of publication, distribution, etc. |
Woodbridge, Suffolk : |
| Name of publisher, distributor, etc. |
James Currey ; |
| Place of publication, distribution, etc. |
Harare, Zimbabwe : |
| Name of publisher, distributor, etc. |
Weaver Press, |
| Date of publication, distribution, etc. |
©2013. |
| 300 ## - PHYSICAL DESCRIPTION |
| Extent |
xii, 206 pages : |
| Other physical details |
illustrations ; |
| Dimensions |
21 cm |
| 336 ## - CONTENT TYPE |
| Content type term |
text |
| Content type code |
txt |
| Source |
rdacontent |
| 337 ## - MEDIA TYPE |
| Media type term |
unmediated |
| Media type code |
n |
| Source |
rdamedia |
| 338 ## - CARRIER TYPE |
| Carrier type term |
volume |
| Carrier type code |
nc |
| Source |
rdacarrier |
| 500 ## - GENERAL NOTE |
| General note |
Includes bibliographical references and index |
| 505 0# - FORMATTED CONTENTS NOTE |
| Formatted contents note |
1. Preface -- 2. 1929-57, a very ordinary boy -- 3. 1957 The University College of Rhodesia & Nyasaland -- 4. 1958 The Southern Rhodesia African National Congress -- 5. 1959 The Central African Emergencies -- 6. 1960 The National Democratic Party -- 7. 1961 Citizens Against the Colour Bar -- 8. 1962 The Zimbabwe African People's Union -- 9. 1963 and afterwards: Deportation, the Nationalist Split, Dar es Salaam and Writing Revolt -- Appendix of names -- Select references -- Terence Ranger bibliography -- Index of names. |
| 520 ## - SUMMARY, ETC. |
| Summary, etc. |
This memoir of the years between 1957, when he first went to Southern Rhodesia, and 1967 when he published his first book, is both an intimate record of the African awakening which Ranger witnessed during those ten years, and of the process which led him to write Revolt in Southern Rhodesia. Intended as both history and as historiography, Writing Revolt is also about the ways in which politics and history interacted. The men with whom Ranger discussed Zimbabwean history were the leaders of African nationalism; his seminar papers were sent to prisons and into restricted areas. Both they and he were making political as well as intellectual discoveries. The book also includes a brief account of Ranger's life before he went to Africa. |
| 600 10 - SUBJECT ADDED ENTRY--PERSONAL NAME |
| Personal name |
Ranger, T. O. |
| 600 10 - SUBJECT ADDED ENTRY--PERSONAL NAME |
| Personal name |
Ranger, T. O. |
| Form subdivision |
Biography. |
| 600 17 - SUBJECT ADDED ENTRY--PERSONAL NAME |
| Personal name |
Ranger, T. O. |
| Fuller form of name |
(Terence O.) |
| Source of heading or term |
fast |
| Authority record control number or standard number |
(OCoLC)fst01435416 |
| 610 20 - SUBJECT ADDED ENTRY--CORPORATE NAME |
| Corporate name or jurisdiction name as entry element |
Zimbabwe African People's Union. |
| 610 27 - SUBJECT ADDED ENTRY--CORPORATE NAME |
| Corporate name or jurisdiction name as entry element |
Zimbabwe African People's Union. |
| Source of heading or term |
fast |
| Authority record control number or standard number |
(OCoLC)fst00518352 |
| 650 #0 - SUBJECT ADDED ENTRY--TOPICAL TERM |
| Topical term or geographic name entry element |
Nationalism |
| Geographic subdivision |
Zimbabwe |
| General subdivision |
History. |
| 650 #7 - SUBJECT ADDED ENTRY--TOPICAL TERM |
| Topical term or geographic name entry element |
Historiography. |
| Source of heading or term |
fast |
| Authority record control number or standard number |
(OCoLC)fst00958221 |
| 650 #7 - SUBJECT ADDED ENTRY--TOPICAL TERM |
| Topical term or geographic name entry element |
Nationalism. |
| Source of heading or term |
fast |
| Authority record control number or standard number |
(OCoLC)fst01033832 |
| 650 #7 - SUBJECT ADDED ENTRY--TOPICAL TERM |
| Topical term or geographic name entry element |
Political science. |
| Source of heading or term |
fast |
| Authority record control number or standard number |
(OCoLC)fst01069781 |
| 650 #7 - SUBJECT ADDED ENTRY--TOPICAL TERM |
| Topical term or geographic name entry element |
Nationalismus. |
| Source of heading or term |
gnd |
| Authority record control number or standard number |
(DE-588)4041300-7 |
| 650 #7 - SUBJECT ADDED ENTRY--TOPICAL TERM |
| Topical term or geographic name entry element |
Geschichtsschreibung. |
| Source of heading or term |
gnd |
| Authority record control number or standard number |
(DE-588)4020531-9 |
| 650 #7 - SUBJECT ADDED ENTRY--TOPICAL TERM |
| Topical term or geographic name entry element |
Politik. |
| Source of heading or term |
gnd |
| Authority record control number or standard number |
(DE-588)4046514-7 |
| 650 #7 - SUBJECT ADDED ENTRY--TOPICAL TERM |
| Topical term or geographic name entry element |
Verwaltung. |
| Source of heading or term |
gnd |
| Authority record control number or standard number |
(DE-588)4063317-2 |
| 651 #0 - SUBJECT ADDED ENTRY--GEOGRAPHIC NAME |
| Geographic name |
Zimbabwe |
| General subdivision |
Politics and government. |
| 651 #0 - SUBJECT ADDED ENTRY--GEOGRAPHIC NAME |
| Geographic name |
Zimbabwe |
| General subdivision |
Historiography. |
| 651 #7 - SUBJECT ADDED ENTRY--GEOGRAPHIC NAME |
| Geographic name |
Zimbabwe. |
| Source of heading or term |
fast |
| Authority record control number or standard number |
(OCoLC)fst01209419 |
| 651 #7 - SUBJECT ADDED ENTRY--GEOGRAPHIC NAME |
| Geographic name |
Simbabwe. |
| Source of heading or term |
gnd |
| Authority record control number or standard number |
(DE-588)4049850-5 |
| 655 #7 - INDEX TERM--GENRE/FORM |
| Genre/form data or focus term |
Biography. |
| Source of term |
fast |
| Authority record control number or standard number |
(OCoLC)fst01423686 |
| 655 #7 - INDEX TERM--GENRE/FORM |
| Genre/form data or focus term |
History. |
| Source of term |
fast |
| Authority record control number or standard number |
(OCoLC)fst01411628 |
| 906 ## - LOCAL DATA ELEMENT F, LDF (RLIN) |
| a |
7 |
| b |
cbc |
| c |
copycat |
| d |
2 |
| e |
ncip |
| f |
20 |
| g |
y-gencatlg |
| 942 ## - ADDED ENTRY ELEMENTS (KOHA) |
| Source of classification or shelving scheme |
Library of Congress Classification |
| Koha item type |
Books |
| Classification part |
2979 |
| Item part |
RAN |
| Call number prefix |
DT |